Farm incomes in England and Wales 1980/81. (Record no. 94301)

MARC details
000 -LEADER
fixed length control field 00503cam a2200193 4500
008 - FIXED-LENGTH DATA ELEMENTS--GENERAL INFORMATION
fixed length control field 090401t1982 xxu||||| |||| 00| 0 eng d
020 ## - INTERNATIONAL STANDARD BOOK NUMBER
International Standard Book Number 0112412238
035 ## - SYSTEM CONTROL NUMBER
System control number (Sirsi) u61278
041 ## - LANGUAGE CODE
Language code of text/sound track or separate title eng
050 ## - LIBRARY OF CONGRESS CALL NUMBER
Classification number 630.0212
110 ## - MAIN ENTRY--CORPORATE NAME
Corporate name or jurisdiction name as entry element Ministry of Agriculture and Fisheries
9 (RLIN) 1293
245 ## - TITLE STATEMENT
Title Farm incomes in England and Wales 1980/81.
260 ## - PUBLICATION, DISTRIBUTION, ETC.
Place of publication, distribution, etc. London
Name of publisher, distributor, etc. HMSO
Date of publication, distribution, etc. 1982
300 ## - PHYSICAL DESCRIPTION
Extent iii,69p. ; 30cm.
350 ## - PRICE (NR) (BK AM CF MU VM SE) [OBSOLETE]
Price 7.5
490 ## - SERIES STATEMENT
Series statement Farm Incomes Series
Volume/sequential designation 34
942 ## - ADDED ENTRY ELEMENTS (KOHA)
Suppress in OPAC 0
948 ## - LOCAL PROCESSING INFORMATION (OCLC); SERIES PART DESIGNATOR (RLIN)
c (OCLC) 04/03/1997
Holdings
Withdrawn status Lost status Source of classification or shelving scheme Damaged status Not for loan Home library Current library Shelving location Date acquired Cost, normal purchase price Total Checkouts Full call number Barcode Date last seen Copy number Cost, replacement price Price effective from Koha item type
    Dewey Decimal Classification     London London Books 09/08/1991 7.50   STATISTICS 30007344 06/08/2019 1 7.50 06/08/2019 Reference material